000 00672cab a2200229 4500
001 WB3346-47
008 090401t1997 xxu||||| |||| 00| 0 eng d
035 _a(Sirsi) u82331
041 _aeng
245 _aPlan forged for steel site
260 _c1997
350 _a0
490 _aEstates Gazette
_v(9747) 22 November 1997, 41(1)
520 _aOne of the largest regeneration projects in Europe is to take place in Lanarkshire, on the former Ravenscraig steelworks site.
650 _aCOMMERCIAL DEVELOPMENT
650 _aLANARKSHIRE
650 _aSCOTLAND
650 _aURBAN REGENERATION
690 _aURBAN RENEWAL
942 _n0
948 _c25/11/1997
999 _c51962
_d51962